На перехресті закону і совісті (Запис № 334582)

МАРК-запис
000 -Лідер
fixed length control field 00773nam a22002417a 4500
001 - Контрольний номер
control field 48469
003 - Ідентифікатор контрольного номера
control field UA-OsUOA
005 - Дата та час останнього входження (трансакції)
control field 20200424110428.0
007 - Фіксоване поле фізичного опису
fixed length control field ta
008 - Елементи даних фіксованої довжини – загальна інформація
fixed length control field 20070906b un ||||| |||| 00| 0 ukr d
040 ## - Джерело каталогізації
Агенція оригінальної каталогізації UA-OsUOA
Мова каталогізації ukr
Агенція, яка здійснювала перезапис UA-OsUOA
Агенція, яка здійснювала модифікацію UA-OsUOA
041 ## - Код мови
Код мови тексту/ звукової доріжки чи окремого заголовка (П) ukr
080 ## - Індекс Універсальної десяткової класифікації
Індекс Універсальної десяткової класифікації (УДК) (НП) 821.161.2
090 ## - Локальний шифр розміщення
Класифікаційний індекс УДК 821.161.2
Авторський знак (НП) А44
100 ## - Основне введення – ім’я особи
Ім’я особи (НП) Акуленко В. І.
245 ## - Відомості про назву
Назва (НП) На перехресті закону і совісті
Решта назви (НП) нариси, памфлети, спогади
260 ## - Публікація, розповсюдження і т.п. (Вихідні дані)
Місце публікації, розповсюдження і т.п. (П) К.
Ім’я/ наймення видавництва, розповсюджувача і т.п. (П) Українська енциклопедія
Дата публікації, розповсюдження і т.п. (П) 2001
300 ## - Фізичний опис
Обсяг 456 с.
650 #7 - Додаткове предметне введення – тематичний термін
Тематичний термін чи географічна назва, як елемент введення (НП) 82 Література. Літературознавство
Джерело заголовка чи терміна UDC
942 ## - Додаткові елементи входу (Коха)
Тип елемента Koha Книги
Source of classification or shelving scheme Universal Decimal Classification
955 ## - Код типу видання за змістом
Код типу видання за змістом (НП) Літературно-художні видання
Фонди
Стан вилучень Стан втрат Джерело класифікації або схеми стелажів Стан уражень Не для кредиту Код колекції Постійне місце розташування Поточне розміщення Дата придбання Джерело придбання Вартість, звичайна ціна покупки Інвентарний номер Повний номер виклику Штрих-код Дата останнього перегляду Ціна ефективна від Тип елемента Koha Примітка, призначена для загального доступу Усього замовленно
    Universal Decimal Classification       АБ - Абонемент НБ АБ - Абонемент НБ 29/04/2009 66/2009 23.00 120684 821.161.2 А44 120684 21/02/2022 29/04/2009 Книги    
    Universal Decimal Classification     Колекція Скрипнюка О.В. АБ - Абонемент НБ АБ - Абонемент НБ 06/06/2016 26/2016 23.00 151378 821.161.2 А44 151378 06/02/2022 29/04/2009 Книги    
    Universal Decimal Classification     Колекція Жулинського М.Г. ЧЗ - Читальна зала ЧЗ - Читальна зала 06/09/2007 142/2007 5.00 107199 821.161.2 А44 107199 06/02/2022 06/09/2007 Книги з автографом В. Акуленка